000 00502nam a2200145 a 4500
008 120416s1994 ||||||||||||||||| || u
020 _a0750619147
050 _aQA 76.9.A25 Pou
100 _aPounder, Chris
245 1 0 _aManaging data protection
250 _a2nd ed.
260 _aOxford
_bButterworth-Heinemann
_c1994
350 _a0.00
995 _D0.00
_FCBU-MAIN LIBRARY (Kitwe)
_H1
_I0.00
_M1
_UAVAILABLE
_ZMain Library Open Access Collection
999 _c50138
_d50138